书目信息 |
| 书名: | Feng shui chic | |
| 作者: | Carole meitzer | |
| 分册号: | ||
| 分册名: | 出版地: | New york |
|
| 出版社: | A fireside book | |
| 出版时间: | 2003 | |
| 页数: | 220P | |
| 开本: | 24cm | |
| 丛书名: | ||
| 中图分类号: | ||
| 科图分类号: | ||
| 其他分类号: | B842.6 | |
| 主题词: | ||
| 电子资源: | ||
| 000 | 00386nam0 2200145 450 | |
| 001 | 202012198603 | |
| 005 | 20121114101347.0 | |
| 008 | 20010101s | |
| 020 | @a978-0-7432-2196-2@c$12.00 | |
| 099 | @dB842.6@eC2926 | |
| 245 | 10 | @aFeng shui chic@cCarole meitzer |
| 260 | 0 | @aNew york@bA fireside book@c2003 |
| 300 | @a220P@c24cm | |
| 905 | @b11319 | |
| 905 | @aTSG@dB842.6@eC2926 | |
| Feng shui chic / Carole meitzer.-New york : A fireside book , 2003 |
| 220P ; 24cm |
| ISBN 978-0-7432-2196-2$12.00 |
| ● |
| 相关链接 |
|
|
|
正题名:Feng shui chic
索取号:B842.6/C2926
 
预约/预借
| 序号 | 登录号 | 条形码 | 馆藏地/架位号 | 状态 | 备注 |